000 00363nam a2200157Ia 4500
003 IT-RoPAU
008 120407s9999 xx 000 0 und d
040 _aIT-RoPAU
040 _cIT-RoPAU
100 _aItalo Faldi
245 _aGli affreschi di Palazzo Farnese di Caprarola
260 _aBanca del Monte Milano
300 _c cm
490 _v1
942 _cBK
999 _c1112
_d1112